| 000 | 00733nam a2200241 a 4500 | ||
|---|---|---|---|
| 008 | |||
| 020 | _a0813814065 (pbk.) | ||
| 049 | _aMAIN | ||
| 090 | _aQH428CAR | ||
| 100 | 1 | _aCarlson, Elof Axel. | |
| 245 | 1 | 4 |
_aThe gene : _ba critical history / _cElof Axel Carlson. |
| 260 |
_aAmes : _bIowa State University Press, _c1989. |
||
| 300 |
_axiii, 301 p. : _bill. ; _c22 cm. |
||
| 440 | 0 | _aHistory of science and technology reprint series. | |
| 500 | _aIncludes index. | ||
| 504 | _aIncludes bibliographical references. | ||
| 650 | 0 |
_aGenetics _xHistory. |
|
| 907 |
_a.b10013441 _b12-01-07 _c17-04-03 |
||
| 003 | |||
| 005 | 20230123133814.0 | ||
| 040 | _cNUST | ||
| 942 |
_cBOOKS _kQH428CAR |
||
| 999 |
_c154951 _d154951 |
||